000 00748nam a2200181Ia 4500
008 151018s9999 xx 000 0 und d
082 _bRBASDV826
_a891.464
100 _aरा. रा. भागवत
245 _aशिवछत्रपतींच्या चरित्रातील मुद्दे
250 _b1
260 _bआर्यभूषण प्रेस
_c1893
300 _a16
600 _aरा. रा. भागवत
630 _aशिवछत्रपतींच्या चरित्रातील मुद्दे
700 _aरा. रा. भागवत
730 _aशिवछत्रपतींच्या चरित्रातील मुद्दे
942 _cBOOK
999 _c1003295
_d1003292